MAASAI MARA UNIVERSITY

LIBRARY CATALOGUE

Contact Us: +254 020 2685356/7 or 0774 057787

Box: 861-20500, NAROK, KENYA

Email: info@mmarau.ac.ke

The long European Reformation : (Record no. 28503)

MARC details
000 -LEADER
fixed length control field 01659cam a22003494a 4500
001 - CONTROL NUMBER
control field 13108858
003 - CONTROL NUMBER IDENTIFIER
control field OSt
005 - DATE AND TIME OF LATEST TRANSACTION
control field 20170524231156.0
008 - FIXED-LENGTH DATA ELEMENTS--GENERAL INFORMATION
fixed length control field 030303s2004 enk b 001 0 eng
010 ## - LIBRARY OF CONGRESS CONTROL NUMBER
LC control number 2003042969
020 ## - INTERNATIONAL STANDARD BOOK NUMBER
International Standard Book Number 0333644506
020 ## - INTERNATIONAL STANDARD BOOK NUMBER
International Standard Book Number 0333644514 (pbk.)
040 ## - CATALOGING SOURCE
Original cataloging agency mmu
Transcribing agency mmu
Language of cataloging eng
042 ## - AUTHENTICATION CODE
Authentication code pcc
050 00 - LIBRARY OF CONGRESS CALL NUMBER
Classification number BR305.3
Item number .W35 2004
082 00 - DEWEY DECIMAL CLASSIFICATION NUMBER
Classification number 274
Edition number 21
100 1# - MAIN ENTRY--PERSONAL NAME
Personal name Wallace, Peter George,
Dates associated with a name 1952-
245 14 - TITLE STATEMENT
Title The long European Reformation :
Remainder of title religion, political conflict, and the search for conformity, 1350-1750 /
Statement of responsibility, etc. Peter G. Wallace.
260 ## - PUBLICATION, DISTRIBUTION, ETC. (IMPRINT)
Place of publication, distribution, etc. Houndmills, Basingstoke, Hampshire ;
-- New York :
Name of publisher, distributor, etc. Palgrave Macmillan,
Date of publication, distribution, etc. 2004.
300 ## - PHYSICAL DESCRIPTION
Extent xi, 268 p. ;
Dimensions 23 cm.
490 1# - SERIES STATEMENT
Series statement European history in perspective
504 ## - BIBLIOGRAPHY, ETC. NOTE
Bibliography, etc Includes bibliographical references (p. 235-245) and index.
650 #0 - SUBJECT ADDED ENTRY--TOPICAL TERM
Topical term or geographic name as entry element Reformation.
650 #0 - SUBJECT ADDED ENTRY--TOPICAL TERM
Topical term or geographic name as entry element Christianity
Geographic subdivision Europe.
651 #0 - SUBJECT ADDED ENTRY--GEOGRAPHIC NAME
Geographic name Europe
General subdivision Politics and government.
830 #0 - SERIES ADDED ENTRY--UNIFORM TITLE
Uniform title European history in perspective (Palgrave Macmillan (Firm))
856 42 - ELECTRONIC LOCATION AND ACCESS
Materials specified Contributor biographical information
Uniform Resource Identifier <a href="http://www.loc.gov/catdir/bios/hol053/2003042969.html">http://www.loc.gov/catdir/bios/hol053/2003042969.html</a>
856 42 - ELECTRONIC LOCATION AND ACCESS
Materials specified Publisher description
Uniform Resource Identifier <a href="http://www.loc.gov/catdir/description/hol041/2003042969.html">http://www.loc.gov/catdir/description/hol041/2003042969.html</a>
856 41 - ELECTRONIC LOCATION AND ACCESS
Materials specified Table of contents
Uniform Resource Identifier <a href="http://www.loc.gov/catdir/toc/hol041/2003042969.html">http://www.loc.gov/catdir/toc/hol041/2003042969.html</a>
942 ## - ADDED ENTRY ELEMENTS (KOHA)
Source of classification or shelving scheme Library of Congress Classification
Koha item type L

No items available.

© 2016 Maasai Mara University.